| 000 | 00570nam a2200229Ia 4500 | ||
|---|---|---|---|
| 001 | 429 | ||
| 005 | 20240113233414.0 | ||
| 007 | ta | ||
| 008 | 050117s1969 a g b000 u eng u | ||
| 020 | _cHB | ||
| 040 | _astack | ||
| 041 | _aeng | ||
| 082 |
_a535.82 _bH 349 M |
||
| 100 | _aHealey, Peter . | ||
| 245 | 0 |
_aMicroscopes & Microscopic Life / _cPeter Healey. _hTextual Documents |
|
| 260 |
_aLondon : _bPaul Hamlyn , _cc1969. |
||
| 300 |
_a159p. : _bill ; _c18cm. . |
||
| 653 | _aMicroscopes , Physics | ||
| 942 |
_2ddc _cBK |
||
| 999 |
_c427 _d427 |
||